000 004510000a22001810004500
003 MACL
005 20150712151600.0
008 150712b xxu||||| |||| 00| 0 eng d
040 _aMACL
_cMACL
041 _aEnglish
082 _a320/MAJ
100 _aMajumdar , Asok
_91935
245 _aPeasant Protest In Indian Politics
260 _aNew Delhi
_bNib Publishers
_c1993
350 _a220
650 _aPolitical Science
_988
942 _cBK
_k320
_2ddc
999 _c3685
_d3685